| 000 | nam a22 a 4500 | ||
|---|---|---|---|
| 999 |
_c2632 _d2632 |
||
| 003 | AKMAL | ||
| 005 | 20170517122714.0 | ||
| 008 | 170517t1987 -uk 00 eng d | ||
| 020 | _a0863182305 | ||
| 040 |
_aAKMAL _cAKMAL |
||
| 082 | 0 | 4 | _a616.0252 FIR |
| 090 |
_a616.0252 _bFIR |
||
| 245 | 0 | 0 | _aFirst aid manual |
| 250 | _a5th Edt. | ||
| 260 |
_aLondon : _bSt. Andrew's Ambulance Association, The British Red Cross Society, _c1987 |
||
| 300 | 0 | 0 |
_a224p. : _bill. col. ; _c22cm |
| 650 | 0 |
_aFirst aid in illness and injury _95509 |
|
| 942 |
_2ddc _cBOOK |
||